Patrimonio mundial de la humanidad : Africa /

Colección que presenta los sitios culturales, naturales y mixtos declarados patrimonio de la humanidad por la UNESCO. De los volúmenes 1 al 8 están organizados por regiones geográficas, que incluyen los declarados hasta 1999. A partir del volumen 9 cada uno describre las declaraciones del último año...

Fuld beskrivelse

Guardado en:
Bibliografiske detaljer
Format: Bog
Sprog:spansk
Udgivet: España : París, Francia : Planeta : Ediciones San Marcos ; UNESCO, 1999, c1999
Fag:
Tags: Tilføj Tag
Ingen Tags, Vær først til at tagge denne postø!

MARC

LEADER 00000nam^a2200000^a^4500
001 000125889
005 20250521000000.0
009 20260526123332.979
020 |a 84-395-8388-5 
037 |a Acervo ITESO - Biblioteca 
041 |a ESP 
082 |a 719. 32  |b PAT V. 4 
240 1 1 |a [Patrimonio de la humanidad] 
245 0 0 |a Patrimonio mundial de la humanidad :  |b Africa / 
264 4 |a España :  |b Planeta :  |b Ediciones San Marcos ;  |a París, Francia :  |b UNESCO,  |c 1999, c1999 
300 |a 379 p. 
336 |a texto  |b txt  |2 rdacontenido 
337 |a sin mediación  |b n  |2 rdamedio 
338 |a volumen  |b nc  |2 rdasoporte 
520 |a Colección que presenta los sitios culturales, naturales y mixtos declarados patrimonio de la humanidad por la UNESCO. De los volúmenes 1 al 8 están organizados por regiones geográficas, que incluyen los declarados hasta 1999. A partir del volumen 9 cada uno describre las declaraciones del último año. La colección de impresos es complementada con una serie de videodiscos digitales (DVD), disponibles en el Fondo de Material Audiovisual de la Biblioteca del ITESO. 
649 |a XX 
650 |a Patrimonio de la Humanidad -  |x Tema Principal 
650 |a Patrimonio Nacional 
650 |a Patrimonio Histórico -  |z Africa 
650 |a Patrimonio Artístico -  |z Africa 
650 |a Valoración Patrimonial e Histórica 
650 |a Restauración y Conservación de Arte 
650 |a Arte Africano 
650 |a Reservas Ecológicas -  |z Africa 
650 |a Conservación y Protección Ambiental -  |z Africa 
650 |a Ecología 
650 |a Cultura 
650 |a Arqueología 
650 |a Africa -  |x Historia 
910 |a Fondo General 
920 |a Impresos - Libros 
930 |a Obras de Referencia 
905 |a 102 
901 |a 0500058411  |b IT2  |c REF  |u 20250521 
902 |a https://opac.biblio.iteso.mx/vufind/Record/000125889